[Event "Mittelrhein Regionalliga 1920"]
[Site "Mittelrhein"]
[Date "2020.02.16"]
[Round "6.3"]
[White "Lambertz, Michael"]
[Black "Reuter, Michael"]
[Result "1/2-1/2"]
[WhiteElo "2014"]
[BlackElo "2033"]
[PlyCount "51"]
[EventDate "2019.09.29"]
[EventType "team-tourn"]
[EventRounds "9"]
[EventCountry "GER"]
[SourceTitle "EXT 2023"]
[Source "ChessBase"]
[SourceDate "2022.10.05"]
[SourceVersion "1"]
[SourceVersionDate "2022.10.05"]
[SourceQuality "1"]
[WhiteTeam "Koeln Ford SF"]
[BlackTeam "Langenfeld II"]
[WhiteTeamCountry "GER"]
[BlackTeamCountry "GER"]

1. e4 c6 2. d4 d5 3. exd5 cxd5 4. c4 Nf6 5. Nc3 g6 6. cxd5 Bg7 7. Qb3 0-0 8. Be2 Qb6 9. Qxb6 axb6 10. Bf3 Bd7 11. d6 exd6 12. Bxb7 Ra7 13. Bf3 b5 14. Nge2 Re8 15. Be3 b4 16. Nd5 Nxd5 17. Bxd5 Bb5 18. Rd1 Ra5 19. Bb3 Nc6 20. Rd2 Bxe2 21. Rxe2 Nxd4 22. Bxd4 Rxe2+ 23. Kxe2 Bxd4 24. Rd1 Re5+ 25. Kf1 Bc5 26. Bc4 1/2-1/2

[Event "Mittelrhein Verbandsliga-N 18/19"]
[Site "Nordrheinwestfalen"]
[Date "2019.01.20"]
[Round "6.2"]
[White "Reuter, Michael"]
[Black "Weiser, Hans Josef"]
[Result "1/2-1/2"]
[WhiteElo "2006"]
[BlackElo "1954"]
[PlyCount "85"]
[EventDate "2018.09.02"]
[EventType "team-tourn"]
[EventRounds "12"]
[EventCountry "GER"]
[SourceTitle "EXT 2022"]
[Source "ChessBase"]
[SourceDate "2021.10.06"]
[SourceVersion "1"]
[SourceVersionDate "2021.10.06"]
[SourceQuality "1"]
[WhiteTeam "Langenfeld II"]
[BlackTeam "Bergische SF"]
[WhiteTeamCountry "GER"]
[BlackTeamCountry "GER"]

1. d4 d5 2. Nf3 Nf6 3. e3 c6 4. Nbd2 Bf5 5. Ne5 Nbd7 6. g4 Nxe5 7. gxf5 Ned7 8. Bd3 g6 9. c3 Qc7 10. Nf1 0-0-0 11. Bd2 Bh6 12. Qf3 Rde8 13. 0-0-0 e5 14. fxe6 Rxe6 15. Kb1 Nb6 16. Ng3 Rhe8 17. Bc1 Kb8 18. Bc2 Nc8 19. h4 Ne4 20. Nxe4 dxe4 21. Qh3 Nd6 22. Qg2 f5 23. d5 cxd5 24. Rxd5 Re5 25. Rhd1 Rxd5 26. Rxd5 Nc4 27. Qf1 Nb6 28. Rd2 Rd8 29. Qd1 Kc8 30. Rxd8+ Qxd8 31. Qxd8+ Kxd8 32. Bb3 Nd7 33. h5 Ne5 34. hxg6 hxg6 35. Bd5 b6 36. Bd2 Ke7 37. Kc2 Kd6 38. c4 Bg7 39. Bb4+ Kd7 40. Bc3 Ke7 41. Kd1 Bf6 42. b3 Nf3 43. Be1 1/2-1/2

[Event "Mittelrhein Verbandsliga-N 18/19"]
[Site "Nordrheinwestfalen"]
[Date "2018.10.28"]
[Round "3.3"]
[White "Reuter, Michael"]
[Black "Bayer, Udo"]
[Result "1/2-1/2"]
[WhiteElo "2006"]
[BlackElo "1947"]
[PlyCount "46"]
[EventDate "2018.09.02"]
[EventType "team-tourn"]
[EventRounds "12"]
[EventCountry "GER"]
[SourceTitle "EXT 2022"]
[Source "ChessBase"]
[SourceDate "2021.10.06"]
[SourceVersion "1"]
[SourceVersionDate "2021.10.06"]
[SourceQuality "1"]
[WhiteTeam "Langenfeld II"]
[BlackTeam "Hitdorf SV Springer"]
[WhiteTeamCountry "GER"]
[BlackTeamCountry "GER"]

1. d4 Nf6 2. Nf3 g6 3. Nc3 Bg7 4. e4 d6 5. Bc4 c6 6. Qe2 b5 7. Bd3 0-0 8. 0-0 a6 9. a4 b4 10. Nb1 a5 11. c4 Nfd7 12. Be3 e5 13. d5 cxd5 14. cxd5 Na6 15. Nbd2 Ndc5 16. Bb5 h6 17. Ne1 f5 18. f3 fxe4 19. fxe4 Rxf1+ 20. Qxf1 Ra7 21. Nd3 Rf7 22. Qe2 Qh4 23. Bf2 Qg5 1/2-1/2

[Event "Mittelrhein Verbandsliga-N 17/18"]
[Site "Nordrheinwestfalen"]
[Date "2018.01.14"]
[Round "6.3"]
[White "Reuter, Michael"]
[Black "Bayer, Udo"]
[Result "0-1"]
[WhiteElo "2034"]
[BlackElo "1923"]
[PlyCount "92"]
[EventDate "2017.09.10"]
[EventType "team-swiss"]
[EventRounds "11"]
[EventCountry "GER"]
[SourceTitle "EXT 2022"]
[Source "ChessBase"]
[SourceDate "2021.10.06"]
[SourceVersion "1"]
[SourceVersionDate "2021.10.06"]
[SourceQuality "1"]
[WhiteTeam "Langenfeld II"]
[BlackTeam "Hitdorf SV Springer"]
[WhiteTeamCountry "GER"]
[BlackTeamCountry "GER"]

1. d4 d5 2. c4 e6 3. Nc3 Nf6 4. cxd5 exd5 5. Bg5 Nbd7 6. e3 Be7 7. Bd3 0-0 8. Qc2 Re8 9. Nge2 Nf8 10. 0-0-0 c6 11. Kb1 b5 12. Nc1 a5 13. Bxf6 Bxf6 14. Nb3 Qb6 15. Ne2 a4 16. Nc5 Qa5 17. Qd2 b4 18. Rc1 Be7 19. Ng3 Nd7 20. Nxd7 Bxd7 21. Bf5 Qa7 22. Qd3 g6 23. Bxd7 Qxd7 24. h4 Bd6 25. Ne2 Rec8 26. g3 Qe7 27. Qd2 b3 28. a3 Bxa3 29. bxa3 Qxa3 30. Qb2 Qe7 31. Ka1 Rcb8 32. Rb1 Rb6 33. Nf4 Rab8 34. Nd3 a3 35. Qc3 Qa7 36. Nc5 b2+ 37. Ka2 Rb4 38. Rhd1 R8b5 39. Rd3 Rc4 40. Qe1 Rc1 41. Rd1 Rc2 42. Rd2 Rcxc5 43. dxc5 Qa4 44. Qd1 Qc4+ 45. Kxa3 Ra5+ 46. Kxb2 Ra2# 0-1

[Event "Mittelrhein Regionalliga 16/17"]
[Site "Nordrheinwestfalen"]
[Date "2017.01.29"]
[Round "7.8"]
[White "Reuter, Michael"]
[Black "Janknecht, Eckart"]
[Result "1-0"]
[WhiteElo "2030"]
[BlackElo "1761"]
[PlyCount "85"]
[EventDate "2016.09.11"]
[EventType "team-tourn"]
[EventRounds "11"]
[EventCountry "GER"]
[SourceTitle "EXT 2022"]
[Source "ChessBase"]
[SourceDate "2021.10.06"]
[SourceVersion "1"]
[SourceVersionDate "2021.10.06"]
[SourceQuality "1"]
[WhiteTeam "Langenfeld"]
[BlackTeam "Koeln Lasker"]
[WhiteTeamCountry "GER"]
[BlackTeamCountry "GER"]

1. d4 d5 2. c4 e5 3. dxe5 d4 4. Nf3 Nc6 5. a3 a5 6. Nbd2 Be6 7. Nb3 Bxc4 8. Nbxd4 Bc5 9. Bg5 Qd7 10. Nxc6 Qxc6 11. Rc1 b5 12. e3 Ne7 13. Bxc4 bxc4 14. Qc2 Rb8 15. 0-0 Qb5 16. Qxc4 Qxc4 17. Rxc4 Bb6 18. b4 h6 19. Bf4 g5 20. Bg3 Nf5 21. Nd4 Nxg3 22. hxg3 axb4 23. axb4 0-0 24. Nf5 Kh7 25. Rc6 f6 26. e6 Rfe8 27. g4 Rbd8 28. g3 Kg6 29. Kg2 h5 30. Kf3 Rd5 31. e4 Rd3+ 32. Ke2 Red8 33. Ne7+ Kg7 34. Nd5 R3xd5 35. exd5 Rxd5 36. gxh5 g4 37. Re1 Rxh5 38. Kd3 Rd5+ 39. Kc4 Re5 40. Rxe5 fxe5 41. Kd5 Kf6 42. Rxb6 cxb6 43. Kd6 1-0

[Event "Mittelrhein Regionalliga 15/16"]
[Site "Nordrheinwestfalen"]
[Date "2016.04.10"]
[Round "9.7"]
[White "Reuter, Michael"]
[Black "Biedekoepper, Robert"]
[Result "1-0"]
[WhiteElo "2063"]
[BlackElo "1987"]
[PlyCount "67"]
[EventDate "2015.09.27"]
[EventType "team-tourn"]
[EventRounds "9"]
[EventCountry "GER"]
[SourceTitle "EXT 2022"]
[Source "ChessBase"]
[SourceDate "2021.10.06"]
[SourceVersion "1"]
[SourceVersionDate "2021.10.06"]
[SourceQuality "1"]
[WhiteTeam "Langenfeld"]
[BlackTeam "Godesberg II"]
[WhiteTeamCountry "GER"]
[BlackTeamCountry "GER"]

1. d4 d5 2. Nf3 Nf6 3. e3 Bf5 4. Ne5 Nbd7 5. g4 Be6 6. h3 Nxe5 7. dxe5 Ne4 8. Nd2 f6 9. Nxe4 dxe4 10. Qd4 Qd5 11. c4 Qc6 12. b3 Rd8 13. Qc3 h5 14. Rg1 hxg4 15. hxg4 Bxg4 16. Bb2 f5 17. Be2 Bxe2 18. Kxe2 Rh2 19. Qa5 b6 20. Qxa7 Ra8 21. Rg6 Qxc4+ 22. bxc4 Rxa7 23. e6 Rh6 24. Rxh6 gxh6 25. a3 Ra6 26. Be5 Ra5 27. Bxc7 Rc5 28. Bxb6 Rxc4 29. a4 Bg7 30. Rd1 Rc2+ 31. Kf1 Rc8 32. a5 Rb8 33. Bc7 Rc8 34. Rd7 1-0

[Event "Mittelrhein Regionalliga 15/16"]
[Site "Nordrheinwestfalen"]
[Date "2016.02.21"]
[Round "7.6"]
[White "Proba, Stefan"]
[Black "Reuter, Michael"]
[Result "1/2-1/2"]
[WhiteElo "1950"]
[BlackElo "2063"]
[PlyCount "76"]
[EventDate "2015.09.27"]
[EventType "team-tourn"]
[EventRounds "9"]
[EventCountry "GER"]
[SourceTitle "EXT 2022"]
[Source "ChessBase"]
[SourceDate "2021.10.06"]
[SourceVersion "1"]
[SourceVersionDate "2021.10.06"]
[SourceQuality "1"]
[WhiteTeam "Koeln Ford SF"]
[BlackTeam "Langenfeld"]
[WhiteTeamCountry "GER"]
[BlackTeamCountry "GER"]

1. d4 d5 2. Nf3 Nf6 3. c4 c6 4. e3 Bf5 5. Bd3 Bxd3 6. Qxd3 e6 7. 0-0 Ne4 8. Nfd2 f5 9. f3 Nxd2 10. Nxd2 Bd6 11. e4 0-0 12. cxd5 cxd5 13. e5 Be7 14. f4 Nc6 15. a3 Qb6 16. Nf3 Na5 17. Bd2 Nc4 18. Bc3 Rfc8 19. Rf2 Rc6 20. Rc2 Rac8 21. Rac1 Qc7 22. Bb4 Bxb4 23. axb4 Qb6 24. Qb3 Qb5 25. Rc3 h6 26. h3 Kf7 27. Kh2 Ra6 28. Qd1 Rac6 29. Nh4 g6 30. Qe2 Nd6 31. Qxb5 Nxb5 32. Rxc6 Rxc6 33. Rxc6 bxc6 34. Nf3 Ke7 35. Kg1 Nc7 36. Ne1 Na6 37. Nd3 Nb8 38. Kf2 Nd7 1/2-1/2

[Event "Mittelrhein Regionalliga 1314"]
[Site "Mittelrhein"]
[Date "2013.10.13"]
[Round "2.6"]
[White "Albrecht, Oliver"]
[Black "Reuter, Michael"]
[Result "1/2-1/2"]
[WhiteElo "2087"]
[BlackElo "2024"]
[PlyCount "60"]
[EventDate "2013.09.15"]
[EventType "team-tourn"]
[EventRounds "11"]
[EventCountry "GER"]
[SourceTitle "EXT 2023"]
[Source "ChessBase"]
[SourceDate "2022.10.05"]
[SourceVersion "1"]
[SourceVersionDate "2022.10.05"]
[SourceQuality "1"]
[WhiteTeam "Bonn Beuel"]
[BlackTeam "Langenfeld II"]
[WhiteTeamCountry "GER"]
[BlackTeamCountry "GER"]

1. d4 d5 2. Nf3 e6 3. c4 c5 4. cxd5 exd5 5. g3 Nc6 6. Bg2 Nf6 7. 0-0 Be7 8. Nc3 0-0 9. dxc5 Bxc5 10. Bg5 d4 11. Bxf6 Qxf6 12. Nd5 Qf5 13. Nd2 Rd8 14. Nf4 Bd6 15. Nd3 Ne5 16. Nxe5 Bxe5 17. Nf3 Bf6 18. Ne1 Qb5 19. Nd3 Be6 20. Qd2 Rac8 21. a3 b6 22. Rac1 Bg5 23. f4 Bf6 24. Rxc8 Rxc8 25. Rc1 g6 26. Rxc8+ Bxc8 27. Qb4 Qe8 28. Qd2 Bf5 29. Bf3 Bxd3 30. Qxd3 Qe3+ 1/2-1/2

[Event "Mittelrhein-chT 1112"]
[Site "Germany"]
[Date "2012.02.05"]
[Round "8.6"]
[White "Hoeren, Andreas"]
[Black "Reuter, Michael"]
[Result "1/2-1/2"]
[WhiteElo "2103"]
[BlackElo "1996"]
[PlyCount "121"]
[EventDate "2011.09.11"]
[EventType "team-tourn"]
[EventRounds "13"]
[EventCountry "GER"]
[SourceTitle "EXT 2013"]
[Source "ChessBase"]
[SourceDate "2012.11.22"]
[SourceVersion "1"]
[SourceVersionDate "2012.11.22"]
[SourceQuality "1"]
[WhiteTeam "Koeln Lasker"]
[BlackTeam "Langenfeld II"]
[WhiteTeamCountry "GER"]
[BlackTeamCountry "GER"]

1. d4 d5 2. Nc3 Bf5 3. Bg5 f6 4. Bh4 c5 5. e3 e6 6. Nf3 Nc6 7. Bd3 Nh6 8. 0-0 cxd4 9. Nxd4 Nxd4 10. exd4 Bxd3 11. Qxd3 Nf5 12. Bg3 Kf7 13. Nd1 Qb6 14. c3 Qc6 15. Ne3 Nxg3 16. hxg3 Bd6 17. Rfe1 g6 18. Re2 Rhe8 19. Rae1 b5 20. a3 a5 21. Qd2 Bf8 22. Ng4 h5 23. Nh2 b4 24. axb4 axb4 25. g4 bxc3 26. bxc3 h4 27. Nf3 g5 28. Qxg5 fxg5 29. Ne5+ Kf6 30. Nxc6 Rac8 31. Ne5 Bd6 32. Rc2 Rc7 33. c4 dxc4 34. Rxc4 Rxc4 35. Nxc4 Bf4 36. d5 Kf7 37. dxe6+ Rxe6 38. Rxe6 Kxe6 39. Kf1 Kd5 40. Nb2 Kd4 41. Ke2 Ke4 42. Nd3 Bd6 43. f3+ Kd4 44. Nf2 Bf4 45. Ne4 Kc4 46. Nf2 Kd4 47. Nd3 Bd6 48. Ne1 Bf4 49. Nc2+ Kc3 50. Ne3 Kd4 51. Nf5+ Kc4 52. Ng7 Bc1 53. Kf2 Kd4 54. Nf5+ Ke5 55. Ke2 Kf4 56. Kd3 h3 57. gxh3 Kxf3 58. Nh6 Bb2 59. Kc4 Kg3 60. Nf7 Kxh3 61. Nxg5+ 1/2-1/2